000 00402 a2200157 4500
003 NUST
005 20230215183915.0
040 _cNust
082 _a297,AHM
100 _aAhmed, Ishtiaq
_989835
245 _aZameen Par Pehla Qadam / زمین پر پہلا قدم (Urdu) /
_cIshtiaq Ahmed
260 _aLahore
_bDar-us-Salam
_c2005
300 _a24:p.
650 _aISLAM
942 _2ddc
_cBK
_k297,AHM
999 _c187833
_d187833